Φορτώνει......

The theory and practice of modern Government

Λεπτομέρειες βιβλιογραφικής εγγραφής
Κύριος συγγραφέας: Finer, Herman
Μορφή: Printed Book
Γλώσσα:English
Έκδοση: New Delhi, Surjeet Publications
1997
Θέματα:
LEADER 005250000a22001810004500
041 |a eng 
082 |a 320.2 L7 
100 |a Finer, Herman  |9 107509 
245 |a The theory and practice of modern Government 
260 |a New Delhi, Surjeet Publications 
260 |a 1997 
465 |a R 150 
650 |a Civil Service  |9 124619 
650 |a Legislatures  |9 69208 
650 |a Modern Government  |9 124620 
942 |c BK 
999 |c 169386  |d 169382 
952 |0 0  |1 0  |4 0  |7 0  |9 167792  |a SPS  |b SPS  |d 2019-04-16  |l 0  |p SPS02210  |r 2019-04-16  |w 2019-04-16  |y BK